LEADER 01591nam a2200289 a 4500 001 000000153719 003 CaOOAMICUS 005 20160909134447.0 008 160909s1978 it u000 u ita r 032 $aLibriCat 040 $aPUL$bita 110 1 $aItalia.$0(OLS)http://pul/name/1188 245 13$aLa nuova disciplina giuridica sull'aborto :$bLegge 22 maggio 1978, n. 194. Norme sulla tutela sociale della maternitą e sull'interruzione volontaria della gravidanza /$ca cura di Nicola Cipriani. 260 $aSantarcangelo di Romagna :$bMaggioli,$c1978. 300 $a55 p. ; $c21 cm. 490 1 $aNovitą Legislative Maggioli. Guide pratiche. ;$v01 500 $aSul front.: Testo e commento per la prima interpretazione e la applicazione delle Leggi dello Stato e delle Regioni. 650 4$aMaternitą$xTutela$xLegislazione.$0(OLS)http://pul/subject/17899 650 4$aAborto (diritto).$0(OLS)http://pul/subject/3389 700 1 $aCipriani, Nicola.$0(OLS)http://pul/name/66900 830 0$aNovitą Legislative Maggioli$pGuide pratiche ;$v01.$0(OLS)http://pul/title/193223 850 $aPUL 852 $aPUL$W1$xDP1 Fondo G. Barberini$y122$m4 A 65$j163047$qFondi$B179669$CPULBib$Z2$F179669 $HBar1251 $81 941 1 $a1 996 $6245$aLa nuova disciplina giuridica sull'aborto :$bLegge 22 maggio 1978, n. 194. Norme sulla tutela sociale della maternitą e sull'interruzione volontaria della gravidanza$9(OLS)http://pul/title/193222 996 $6260$aSantarcangelo di Romagna :$bMaggioli$9(OLS)http://pul/publisher/67439 LEADER 01881nam a2200385 a 4500 001 000000122427 003 CaOOAMICUS 005 20150922131158.0 008 100707t2010 it 000 b ita r 020 $a978-88-7402-567-1 040 $aPUL$bita$dReb 082 04$a261.8 100 1 $aOrmas, Maurizio,$d1948-$0(OLS)http://pul/name/73617 245 13$aLa libertą e le sue radici :$bl'affermarsi dei diritti della persona nella pastorale della Chiesa dalle origini al XVI secolo /$cMaurizio Ormas ; prefazione di Rocco Buttiglione. 260 $aCantalupa (To) :$bEffatą,$c©2010. 300 $a300 p.$c21cm 490 1 $aPolis & Oikonomia ;$v10 504 $aBibliografia p. 291-300. 650 4$aLibertą (diritto).$0(OLS)http://pul/subject/8098 650 4$aDiritto e religione.$0(OLS)http://pul/subject/20548 650 4$aCristianesimo e societą.$0(OLS)http://pul/subject/1182 700 1 $aButtiglione, Rocco,$d1948-$0(OLS)http://pul/name/1244 830 0$aPolis & Oikonomia ;$v10.$0(OLS)http://pul/title/119412 850 $aPUL 852 $aPUL$W1$xDP1 Fondo S. Lanza$y121$m4 A 19$j115080$qFondi$B169540$CPULBib$Z2$F169540 $HLAN1460 $82 852 $aPUL$W1$xSL Religione 3$y85$m261. 8 ORMMA 1$j140593$qDDC 21$B139702$CPULBib$Z2$F139702 $H113757 $82 941 1 $a9 941 1 $a1 960 $aDiritto ecclesiastico$920548 960 $aDiritto ecclesiastico$920548 960 $aReligione e diritto$920548 996 $6020$a978-88-7402-567-1$9(OLS)http://pul/number/144798 996 $6082$a261.8$9(OLS)http://pul/classification/367 996 $6245$aLa libertą e le sue radici :$bl'affermarsi dei diritti della persona nella pastorale della Chiesa dalle origini al XVI secolo$9(OLS)http://pul/title/154191 996 $6260$aCantalupa (To) :$bEffatą$9(OLS)http://pul/publisher/68547